01103nam a2200277Ia 4500003000400000005001700004008004100021020001800062040001800080041000800098082002600106245010700132250001200239260003500251300002700286650006100313650003100374650006400405700003300469700003200502700003300534700003100567942003500598999001900633952017300652OSt20241216102924.0210716s2010 xx 000 0 und d a9788184896640 cAIMIT LIBRARY aeng a001.0720046 21bROSG aWeb engineering : bmodelling and implementing web applications /cEdited by Rossi, Gustavo...[et.al]. a1st ed. aNew Delhi :bSpringer ,c2010. axii,461p. ;bPBc25 cm aWeb engineering and web applications development9191046 aWeb design methods9191047 aQuality evaluation and experimental web engineering9191048 aRossi, Gustavo., ed.9191049 aPastor, Oscar., ed.9191050 aDaniel Schwabe., ed.9191051 aOlsina, Luis., ed.9191052 2ddccBKe1stk001.0720046 ROSG c194384d194384 00102ddc40708MCAaAIMITbAIMITeKnowledge Worldg525.00iBill no:432; Bill dt:2015-03-03l0o001.0720046 ROSGpMCA13892r2025-07-21 00:00:00v393.75w2021-07-16yBK